Analýza využiteľnosti 360 stupňového snímkovania pri digitalizácií stavebných objektov

Uložené v:
Podrobná bibliografia
Hlavný autor: Dobosová, Sofia (Autor)
Ďalší autori: Honti, Richard (Vedúci práce)
Médium: Rukopis Kniha
Jazyk:Slovak
Vydavateľské údaje: 2024
Predmet:
On-line prístup:http://is.stuba.sk/zp/portal_zp.pl?podrobnosti=162710
Tagy: Pridať tag
Žiadne tagy, Buďte prvý, kto otaguje tento záznam!

MARC

LEADER 00000ntm a22000003a 4500
001 stuzp93861
003 SK-STU
005 20240629210740.7
007 ta
008 150427s2015----xo-----f-mn---000-0-slo-d
040 |a STU  |b slo 
041 0 |a slo 
100 1 |a Dobosová, Sofia  |u 010140  |4 aut  |U SvF Stavebná fakulta  |T SvF Katedra geodézie  |X 110856  |U V140  |Y 14  |7 110856 
242 0 1 |a Analysis of the usability of the 360 degree imaging for the purpose of digitalization of buildings  |y eng 
245 1 0 |a Analýza využiteľnosti 360 stupňového snímkovania pri digitalizácií stavebných objektov 
260 |c 2024 
650 4 |a mračno bodov  |2 slo 
650 4 |a 360 stupňové snímkovanie  |2 slo 
650 4 |a terestrické laserové snímkovanie  |2 slo 
650 4 |a 360 degree imaging  |2 eng 
650 4 |a terrestrial laser scanning  |2 eng 
650 4 |a point cloud  |2 eng 
700 1 |a Honti, Richard  |u 010140  |k Z1  |4 ths  |U SvF Stavebná fakulta  |T SvF Katedra geodézie  |X 54570  |U V140  |Y 14  |7 54570 
856 4 |u http://is.stuba.sk/zp/portal_zp.pl?podrobnosti=162710